000
00204 a2200085 4500
020
_a
978-1797214245
100
_a
Russell Tovey and Robert Diament
245
_a
Talk Art
260
_b
Chronicle Books
_c
2021
999
_c
13255
_d
13255